000 00966nam a22002777a 4500
001 9030
003 FISKH
005 20251120150957.0
008 251114b cb ||||| |||| 00| 0 eng d
020 _a9780439706407
040 _aFISKH
_beng
_cFISKH
_dFISKH
050 _aPN6727.S546 B66
082 _a741.5973
100 _aSmith, Jeff
_eAuthor
245 _aOut from Boneville /
_cBy Jeff Smith ; With color by Steve Hamaker
260 _aNew York :
_bScholastic ,
_c1996
300 _a138 pages :
_bcolor illustrations ;
_c23 cm
490 _aBone :
_v#1
505 _aG
520 _aThe adventure starts when cousins Fone Bone, Phoney Bone, and Smiley Bone are run out of Boneville and later get separated and lost in the wilderness, meeting monsters and making friends as they attempt to return home.
521 8 _a360
_bLexile
521 8 _aG
_bRaz-Plus
650 _aComics & Graphic Novels
_vDragons
942 _2ddc
_cBK
_n0
999 _c9030
_d9030